000
00195 a2200097 4500
001
3496
100
_a
Killy, S.D
245
_a
Beyond iron curtain
260
_a
_b
Carter
_c
090
_c
2762
_d
2762
942
_a
NUST-CAE
_c
M
_c
19580
999
_c
238569
_d
238569